Normal view
MARC view
- MACHINE DESIGN MACHINERY KINEMATICS MACHINERY DYNAMICS
Entry Topical Term
001 - CONTROL NUMBER
- control field: 77873
003 - CONTROL NUMBER IDENTIFIER
- control field: NUST
005 - DATE AND TIME OF LATEST TRANSACTION
- control field: 20210628210024.0
008 - FIXED-LENGTH DATA ELEMENTS
- fixed length control field: 210628|| aca||aabn | a|a d
040 ## - CATALOGING SOURCE
- Original cataloging agency: NUST
- Transcribing agency: NUST
150 ## - HEADING--TOPICAL TERM
- Topical term or geographic name entry element: MACHINE DESIGN MACHINERY KINEMATICS MACHINERY DYNAMICS
670 ## - SOURCE DATA FOUND
- Source citation: Work cat.: (NUST): Molian, S 77872, Mechanism design the practical kinematics and dynamics of machinery, 1997
